Физики о физике. Строение и развитие Вселенной: сборник переводных статей

التفاصيل البيبلوغرافية
مؤلفون آخرون: Дремин И. М. (составитель)
اللغة:الروسية
منشور في: Москва, Знание, 1969
سلاسل:Новое в жизни, науке, технике
Физика. Астрономия № 5
الموضوعات:
التنسيق: كتاب
KOHA link:https://koha.lib.tpu.ru/cgi-bin/koha/opac-detail.pl?biblionumber=237774

MARC

LEADER 00000nam0a2200000 4500
001 237774
005 20231101231548.0
035 |a (RuTPU)RU\TPU\book\258949 
090 |a 237774 
100 |a 20130517d1969 km y0rusy50 ca 
101 0 |a rus 
102 |a RU 
105 |a a z 000zy 
200 1 |a Физики о физике. Строение и развитие Вселенной  |e сборник переводных статей  |f сост. И. М. Дремин 
210 |a Москва  |c Знание  |d 1969 
215 |a 63 с.  |c ил. 
225 1 |a Новое в жизни, науке, технике 
225 1 |a Физика. Астрономия  |v № 5 
606 |a Вселенная  |x Строение  |2 stltpush  |3 (RuTPU)RU\TPU\subj\3753  |9 32119 
610 1 |a физика 
610 1 |a развитие 
610 1 |a радиоизмерения 
610 1 |a межзвездная пыль 
675 |a 524.85  |v 3 
702 1 |a Дремин  |b И. М.  |4 220 
801 1 |a RU  |b 63413507  |c 20130517 
801 2 |a RU  |b 63413507  |c 20140217  |g RCR 
942 |c BK